| 000 | 00876nam a2200229 a 4500 | ||
|---|---|---|---|
| 001 | BRCA_2279 | ||
| 005 | 20190320203736.0 | ||
| 008 | 890329s1988----mx-a---##b---f000-0#spa-d | ||
| 020 | _a968162744X (Obra completa) | ||
| 040 |
_aDLC _cDLC _dDLC |
||
| 050 | 4 |
_aZ1419 _b.T68 1988 |
|
| 100 | 1 |
_aTovar de Teresa, Guillermo _d1956- _9559 |
|
| 245 | 1 | 0 |
_aBibliografía novohispana de arte _cGuillermo Tovar de Teresa ; prólogo de José Pascual Buxó. |
| 260 |
_aMéxico _bFCE _c1988 |
||
| 300 |
_a2 v. _bil. _c28 cm. |
||
| 504 | _aIncluye referencias bibliográficas | ||
| 505 | 0 | _aContenido : v.1. Impresos mexicanos relativos al arte de los siglos XVI y XVII. -- v.2. Impresos mexicanos relativos al arte del siglo XVIII | |
| 650 | 1 | 4 |
_aBibliografía novohispana _zMéxico _96828 |
| 651 | 4 |
_aMéxico _vBibliografía _96829 |
|
| 700 | 1 |
_aBuxó, José Pascual _96830 |
|
| 942 |
_2lcc _cB |
||
| 999 |
_c2025 _d2025 |
||